000 00284nam a22001337a 4500
008 170616b xxu||||| |||| 00| 0 eng d
020 _a9780807742044
041 _aeng
080 _a94
100 _a16
101 _aSHH
245 _aREFUSING RACISM
_cBROWN,C.S
942 _2udc
_cBK
999 _c17975
_d17975